000 00869nam a22001817a 4500
005 20241029093308.0
008 241029b ||||| |||| 00| 0 eng d
040 _cSSBUL
082 _223
_a၂၉၄.၃၄၄၃ ဉာ
_b၁၃၁၅၇ S-SAT
100 0 _aဉာဏိဿရ၊ အရှင်၊ သဲကုန်း။
_951876
245 1 _aအာနာပါနဿတိကမ္မဋ္ဌာန်း(အလုက်ပေးတရားတော်) /
_bသဲကုန်းအရှင်ဉာဏိဿရ။
250 _aဒုတိယအကြိမ်။
260 _aစစ်ကိုင်း ၊
_bတက်လမ်းစာပေ၊
_c၁၉၉၃။
300 _a၁၀၃ စာမျက်နှာ ၊
_c၁၈ စင်တီ။
500 _aS-SAT: Dr. Sai Aung Tun
650 _aကမ္မဋ္ဌာန်း
942 _2ddc
_cBK1
999 _c40993
_d40993